| 000 | 01802cam a2200241 4500 | ||
|---|---|---|---|
| 001 | L137019 | ||
| 008 | 110830s2006 xxk f 000 0 eng d | ||
| 035 | _a(Sirsi) u137019 | ||
| 041 | 0 | _aeng | |
| 050 | 0 | 4 | _a711.1 $2 18 |
| 110 | 2 |
_aRoyal Institution of Chartered Surveyors _bPlanning and Development Faculty _94351 |
|
| 245 | 0 | 0 | _aYour pathway to qualifying in planning and development |
| 260 |
_aLondon _bRICS _c2006 |
||
| 505 | 2 | _aPathway requirements: planning and development APC; planning and development ATC -- Competency guidance: access and rights over land; cadastre and land management; compulsory purchase and compensation; development appraisals; development/project briefs; economic development; housing strategy and provision; leasing/letting; legal/regulatory compliance; management of the built environment; mapping; measurement of land and property; planning; purchase and sales; sustainability; valuation. | |
| 520 | _aProvides information on planning and development with a general overview of the relevant pathways. Lists the competency requirements of the planning and development APC and ATC pathways (as set out in the APC/ATC Requirements and competencies guide July 2006). Describes the main technical competencies associated with planning and development, providing expanded sector specific guidance on each of them. | ||
| 590 | _aKA | ||
| 651 | 4 |
_aUnited Kingdom _y |
|
| 690 | _aCAREERS, EDUCATION AND TRAINING-QUALIFICATION ROUTES | ||
| 690 | _aENVIRONMENTAL AND LAND CONSULTANCY-PLANNING AND DEVELOPMENT | ||
| 690 | _aCAREERS, EDUCATION AND TRAINING-QUALIFICATION ROUTES-ASSESSMENT OF PROFESSIONAL COMPETENCE | ||
| 856 | 4 | 8 |
_uhttps://www.rics.org/site/download_feed.aspx?fileID=173&fileExtension=PDF _zView the guide free of charge at www.rics.org |
| 942 | _n0 | ||
| 999 |
_c106597 _d106597 |
||